| 000 | 00733cab a2200241 4500 | ||
|---|---|---|---|
| 001 | WB3323-45 | ||
| 008 | 090401t1997 xxu||||| |||| 00| 0 eng d | ||
| 035 | _a(Sirsi) u78831 | ||
| 041 | _aeng | ||
| 245 | _aClearance of contaminated land | ||
| 260 | _c1997 | ||
| 350 | _a0 | ||
| 490 |
_aHM Customs and Excise Business Brief _v(12/97) 5 June 1997, 3(1) |
||
| 520 | _aCustoms have agreed to allow late applications for contaminated land exemption from landfill tax. Claims must be made by 30 September 1997. | ||
| 650 | _aCONTAMINATED LAND | ||
| 650 | _aLAND RECLAMATION | ||
| 650 | _aLANDFILL TAX | ||
| 650 | _aQUALIFYING WASTES | ||
| 650 | _aTAX EXEMPTION | ||
| 690 | _aTAXATION | ||
| 942 | _n0 | ||
| 948 | _c10/06/1997 | ||
| 999 |
_c49545 _d49545 |
||